Family policy : constructed solutions to family problems /

Bibliographic Details
Main Author: Zimmerman, Shirley
Format: Book
Language:English
Published: Thousand Oaks, Calif. : Sage Publications, [2001]
Subjects:

MARC

Tag First Indicator Second Indicator Subfields
LEADER 00000cam a22000004a 4500
001 in00001614607
005 20151023060033.0
008 001122s2001 caua b 001 0 eng
010 |a  00012630  
020 |a 0761920935 
035 |a (OCoLC)ocm45438823 
040 |a DLC  |c DLC  |d C#P  |d UtOrBLW 
042 |a pcc 
043 |a n-us--- 
049 |a TXAM 
050 0 0 |a HQ535  |b .Z56 2001 
082 0 0 |a 306.85/0973  |2 21 
100 1 |a Zimmerman, Shirley. 
245 1 0 |a Family policy :  |b constructed solutions to family problems /  |c Shirley L. Zimmerman. 
264 1 |a Thousand Oaks, Calif. :  |b Sage Publications,  |c [2001] 
264 4 |c ©2001 
300 |a xii, 420 pages :  |b illustrations ;  |c 27 cm. 
336 |a text  |b txt  |2 rdacontent 
337 |a unmediated  |b n  |2 rdamedia 
338 |a volume  |b nc  |2 rdacarrier 
504 |a Includes bibliographical references (pages 391-405) and indexes. 
650 0 |a Family policy  |z United States. 
650 0 |a Families  |z United States. 
945 |i PromptCat 
948 |a cataloged  |b h  |c 2001/7/19  |d c  |e mphillip  |f 2:27:38 pm 
994 |a 92  |b TXA 
999 |a MARS 
999 f f |s b22043ab-8eb5-32e5-9a71-dba1f343f656  |i 0b628929-a218-3993-aa68-356ff4b26a0c  |t 0 
952 f f |p ric  |a Texas A&M University  |b Rellis Campus  |c Joint Library Facility  |s JLF  |d Remote Storage  |t 0  |e HQ535 .Z56 2001  |h Library of Congress classification  |i unmediated -- volume  |m A14827882022 
998 f f |a HQ535 .Z56 2001  |t 0  |l Remote Storage